| 000 | 01542cam a2200373 a 4500 | ||
|---|---|---|---|
| 999 |
_c1397 _d1397 |
||
| 001 | 15189988 | ||
| 003 | GZU | ||
| 005 | 20201014111215.0 | ||
| 008 | 080222s2008 enk b 001 0 eng | ||
| 010 | _a 2008008327 | ||
| 020 | _a9781842779422 (pbk. : alk. paper) | ||
| 020 | _a1842779427 (pbk. : alk. paper) | ||
| 020 | _a9781842779415 (hbk. : alk. paper) | ||
| 020 | _a1842779419 (hbk. : alk. paper) | ||
| 035 | _a(OCoLC)191925642 | ||
| 040 |
_aDLC _cDLC _dDLC |
||
| 043 | _ad------ | ||
| 050 | 0 | 0 |
_aHC59.72.P6 _bLIN 2008 |
| 070 | 0 |
_aHC59.72.P6 _bLIN 2008 |
|
| 100 | 1 |
_aLines, Thomas. _eauthor |
|
| 245 | 1 | 0 |
_aMaking poverty : _ba history / _cThomas Lines. |
| 260 |
_aLondon ; _aNew York : _bZed Books ; _aNew York : _bDistributed in the USA by Palgrave Macmillan, _c2008. |
||
| 300 |
_ax, 166 p. ; _c23 cm. |
||
| 504 | _aIncludes bibliographical references (p. [150]-159) and index. | ||
| 505 | 0 | _aThose who have fallen behind -- How poverty is made -- Do the market's job for it -- Not farming but gambling -- Getting out of the trap -- Can we put history behind us? | |
| 650 | 0 |
_aPoverty _zDeveloping countries. |
|
| 650 | 0 |
_aRural poor _zDeveloping countries. |
|
| 650 | 0 | _aRural development. | |
| 650 | 0 | _aEconomic policy. | |
| 856 | 4 | 1 |
_3Table of contents only _uhttp://www.loc.gov/catdir/toc/ecip0812/2008008327.html |
| 906 |
_a7 _bcbc _corignew _d1 _eecip _f20 _gy-gencatlg |
||
| 942 |
_2lcc _cBK _h59.72.P6 _iLIN _kHC |
||